000 00402nam a2200145 4500
999 _c510080
_d510080
008 190723b ||||| |||| 00| 0 eng d
100 _aMuniraju S.B.
_97264
245 _aSocial inclusion: strategies and way forward
260 _c2019
300 _ap.39-45.
650 _aSocial and economic development
_97265
773 _aYojana
906 _aSocial and economic development
942 _2ddc
_cAR